Eastern Utah Libraries Catalog: Duchesne, Heber, Roosevelt, & Vernal

More than this / (Record no. 283945)

MARC details
000 -LEADER
fixed length control field 02716cam a2200553Ia 4500
001 - CONTROL NUMBER
control field ocn825046586
003 - CONTROL NUMBER IDENTIFIER
control field OCoLC
005 - DATE AND TIME OF LATEST TRANSACTION
control field 20200320192505.0
008 - FIXED-LENGTH DATA ELEMENTS--GENERAL INFORMATION
fixed length control field 130123s2013 mau d 000 f eng d
010 ## - LIBRARY OF CONGRESS CONTROL NUMBER
LC control number 2013943065
020 ## - INTERNATIONAL STANDARD BOOK NUMBER
International Standard Book Number 0763662585 (hardcover)
020 ## - INTERNATIONAL STANDARD BOOK NUMBER
International Standard Book Number 9780763662585 (hardcover)
020 ## - INTERNATIONAL STANDARD BOOK NUMBER
Cancelled/invalid ISBN 9780763667672 (ebook)
020 ## - INTERNATIONAL STANDARD BOOK NUMBER
Cancelled/invalid ISBN 0763667676 (ebook)
029 1# - (OCLC)
OCLC library identifier NZ1
System control number 14883724
029 1# - (OCLC)
OCLC library identifier AU@
System control number 000052185562
035 ## - SYSTEM CONTROL NUMBER
System control number (OCoLC)825046586
040 ## - CATALOGING SOURCE
Original cataloging agency YDXCP
Language of cataloging eng
Transcribing agency YDXCP
Modifying agency BTCTA
-- BDX
-- GK8
-- XY4
-- TXG
-- OSE
-- OCLCO
-- IK2
-- IEP
-- OCP
-- ZAC
-- OUN
-- NKM
-- NGU
-- IUL
-- IQU
-- DLC
-- WACOL
043 ## - GEOGRAPHIC AREA CODE
Geographic area code e-uk-en
049 ## - LOCAL HOLDINGS (OCLC)
Holding library WACL
050 #4 - LIBRARY OF CONGRESS CALL NUMBER
Classification number PS3614.E498
Item number M67 2013
082 #4 - DEWEY DECIMAL CLASSIFICATION NUMBER
Classification number [Fic]
092 ## - LOCALLY ASSIGNED DEWEY CALL NUMBER (OCLC)
Classification number young adult
Item number Nes
100 1# - MAIN ENTRY--PERSONAL NAME
Personal name Ness, Patrick,
Dates associated with a name 1971-
Relator term author.
9 (RLIN) 5700155
245 10 - TITLE STATEMENT
Title More than this /
Statement of responsibility, etc Patrick Ness.
250 ## - EDITION STATEMENT
Edition statement 1st U.S. ed.
260 ## - PUBLICATION, DISTRIBUTION, ETC. (IMPRINT)
Place of publication, distribution, etc Somerville, Mass. :
Name of publisher, distributor, etc Candlewick Press,
Date of publication, distribution, etc 2013.
300 ## - PHYSICAL DESCRIPTION
Extent 472 pages ;
Dimensions 23 cm.
336 ## - Content Type
Content type term text
337 ## - Media type
Media type term unmediated
338 ## - Carrier type
Carrier type term volume
500 ## - GENERAL NOTE
General note A novel.
520 ## - SUMMARY, ETC.
Summary, etc A boy named Seth drowns, losing his life as the pounding sea claims him. But then he wakes. He is naked, thirsty, starving. But alive. How is that possible? He remembers dying. So how is he here? And where is this place? It looks like the suburban English town where he lived as a child, before an unthinkable tragedy happened and his family moved to America. But the neighborhood around his old house is overgrown, covered in dust, and completely abandoned. What's going on? And why is it that whenever he closes his eyes, he falls prey to vivid, agonizing memories that seem more real than the world around him? Seth begins a search for answers, hoping that he might not be alone, trapped in a crumbling, abandoned world.
521 ## - TARGET AUDIENCE NOTE
Target audience note young adult fiction
Source junior library guild
650 #0 - SUBJECT ADDED ENTRY--TOPICAL TERM
Topical term or geographic name as entry element Teenage boys
Form subdivision Juvenile fiction.
9 (RLIN) 5719343
650 #0 - SUBJECT ADDED ENTRY--TOPICAL TERM
Topical term or geographic name as entry element Survival
Form subdivision Juvenile fiction.
9 (RLIN) 5674045
650 #0 - SUBJECT ADDED ENTRY--TOPICAL TERM
Topical term or geographic name as entry element Families
Form subdivision Juvenile fiction.
9 (RLIN) 5674031
650 #0 - SUBJECT ADDED ENTRY--TOPICAL TERM
Topical term or geographic name as entry element Tragedy
Form subdivision Juvenile fiction.
9 (RLIN) 5889358
651 #0 - SUBJECT ADDED ENTRY--GEOGRAPHIC NAME
Geographic name England
Form subdivision Juvenile fiction.
9 (RLIN) 5673696
655 #0 - INDEX TERM--GENRE/FORM
Genre/form data or focus term Young adult fiction.
9 (RLIN) 5889359
776 08 - ADDITIONAL PHYSICAL FORM ENTRY
Display text Online version:
Main entry heading Ness, Patrick, 1971-
Title More than this.
Place, publisher, and date of publication [Cambridge] : Candlewick Press, 2013
International Standard Book Number 9780763667672
Record control number (OCoLC)851595317
938 ## -
-- YBP Library Services
-- YANK
-- 9985657
938 ## -
-- Baker and Taylor
-- BTCP
-- BK0012711312
938 ## -
-- Brodart
-- BROD
-- 103977813
942 ## - ADDED ENTRY ELEMENTS (KOHA)
Koha item type BOOK
948 ## - LOCAL PROCESSING INFORMATION (OCLC); SERIES PART DESIGNATOR (RLIN)
Series part designator, SPT (RLIN) 06/17/2014
z (OCLC) Sirsi
994 ## -
-- 02
-- WACOL
996 ## -
-- 110041
-- 34301001186636
-- YA
-- bk
-- wcl
-- l
-- 15
-- 19.99
-- junior library guild
-- Nes
-- 06/27/2014
-- 10/05/2019
-- 07/15/2019
Holdings
Withdrawn status Lost status Source of classification or shelving scheme Damaged status Not for loan Collection code Home library Current library Shelving location Date acquired Source of acquisition Cost, normal purchase price Total Checkouts Total Renewals Full call number Barcode Date last seen Date checked out Cost, replacement price Price effective from Koha item type
  Lost and Paid For Dewey Decimal Classification     Young Adult Fiction Wasatch County Library Wasatch County Library Main Floor Teen Area 06/27/2014   19.99 23 9 YA Nes 34301001186636 06/30/2023 06/30/2023 19.99 03/20/2020 BOOK
This project was made possible through a grant from the Institute of Museum and Library Service administered by the Utah State Library Division.

Wasatch County Library

  • 465 East 1200 South, Heber City, Utah 84032
  • Phone 435-654-1511 | Fax 435-654-6456

Hours

  • Monday - Friday 9:30 AM - 8:00 PM
  • Saturday 9:30 AM - 1:30 PM
  • Closed Sundays and Holidays